000 00915nam a2200253 a 4500
001
003 DO-SdBNP
005 20211229100541.0
008 130308s2012 dr 000 0 spa d
020 _a9789945006247
040 _aDO-SdBNP
_bspa
_cBPMSU
082 _aRD865.44
_bB171j 2012
_222
100 1 _a Balaguer, Joaquín,
_d1906-2002
_92
245 1 0 _aJoaquín Balaguer en la Academia Dominicana de Historia /
_cedición al cuidado de Cándido Gerón.
260 _aSanto Domingo :
_bFundación Joaquín Balaguer,
_c2012.
300 _a53 p. ;
_c23 cm.
500 _aIncluye datos biográficos del autor en las solapas
590 _aInventariado, 2021/VM
600 1 4 _aBalaguer, Joaquín,
_d1906-2002
_xEnsayos, conferencias, etc.
650 4 _aDiscursos presidenciales
_zRepública Dominicana
710 2 _aFundación Joaquín Balaguer (República Dominicana)
910 _aVMateo V
942 _2ddc
_cBK
999 _c13932
_d13932